000 00778nam a2200253Ia 4500
999 _c40613
_d40613
001 7240
003 GE_BSU
005 20190920111224.0
008 181216s2013||||en |||||||||||||| ||eng||
020 _a9786054613661
040 _cGE_BSU
041 _aeng
080 _a512(075.8) D-53
100 _aDiasamidze, Yasha.
_94165
245 _aComplete Semigroups Of Binary Relations /
_cYasha Diasamidze ; Shota Makaradze ; Red : Nuri Cimen.
264 _aIstanbul ,
_c2013.
300 _a520 p.:
_c 23 cm.
653 _aComplete Semigroups Of Binary Relations.
653 _aმათემატიკა
653 _aალგებრა
700 _aMakaradze , Shota
_94166
700 _aCimen , Nuri .
_cრედაქტორი
_94167
942 _cBK
_2udc